Élimination par catégorie - Villes de France n°1 - Statistiques

Statistiques générales
  • Ce quiz a été pris 1 921 fois
    1 900 depuis la dernière actualisation
  • Le résultat moyen est 14 sur 20
Statistiques - réponses
Groupe # Catégorie % Correct
Vert 29 Ville de plus de 120 000 habitants en 2021
100%
Vert 23 ...qui est la préfecture de son département
99%
Vert 10 ... contenant la lettre O
94%
Bleu 27 Ville côtière de plus de 41 000 habitants
93%
Bleu 14 ... pas sur la Mer Meditérranée
89%
Orange 29 Ville limitrophe de Paris
80%
Orange 17 ... étant un nom composé
77%
Vert 3 ... et avec une altitude maximale d'au moins 300 m
76%
Bleu 6 ... ni sur la Manche
74%
Bleu 3 ... et son nom est composé de plus d'un mot
70%
Violet 44 Préfecture de département de moins de 50 000 habitants
69%
Vert 1 ... dont une de ses communes limitrophe se nomme Bron Lyon
69%
Bleu 1 ... ayant comme voisin une île reliée par une pont de presque 3 kilomètres La Rochelle
65%
Violet 34 ... qui se nomme en un seul mot
64%
Orange 5 ... se situant dans le 92
56%
Orange 3 ... ne contenant ni le mot "Saint" ni le mot "Seine"
49%
Violet 9 ... qui est une ville d'Occitanie
49%
Violet 4 ... est ville de Hautes-Pyrénées ou du Tarn, du Gers ou de l'Aveyron
44%
Orange 1 ... étant une sous-préfécture Boulogne-Billancourt
37%
Violet 1 ... est un synonyme du verbe "errer" à la deuxième personne du pluriel Rodez
28%
Aucun quiz correspondant
Distribution des résultats
% des personnes avec chaque résultat
Percentile par nombre de réponses
Votre historique - résultats
Vous n’avez pas pris ce quiz depuis la dernière actualisation